00390nam a2200121Ia 4500008004100000100002100041245005000062260004000112300000800152942000700160999001500167952008600182201217s9999 xx 000 0 und d aCheng, Philip C. 0aFinancial Management in the Shipping Industry aCentrevillebCornell Maritime Press a360 cBK c7683d7683 00104070aCLd2020-12-17o658.15939 C51873pPM02868r2020-12-17w2020-12-17yBK